60 Second Blitz - Multiplication by 9 Quiz Stats

 Plays Quiz not verified by Sporcle

Challenge
Share
Tweet
Embed
Score 0/101 Timer 01:00
0 Plays Today
Factor Number % Correct
9x218
97.7%
9x327
93.4%
9x981
92.1%
9x436
91.7%
9x1090
91.4%
9x545
91.1%
9x654
90.7%
9x763
89.7%
9x872
89.7%
9x1199
89.7%
9x12108
79.8%
9x13117
71.5%
9x14126
68.5%
9x15135
67.2%
9x16144
66.6%
9x17153
63.2%
9x20180
62.9%
9x18162
61.3%
9x19171
60.3%
9x21189
56.6%
9x22198
54%
9x23207
49.7%
9x24216
44.7%
9x25225
43.7%
9x26234
40.7%
9x27243
38.1%
9x28252
36.8%
9x30270
36.8%
9x29261
34.4%
9x31279
30.1%
9x19
27.2%
9x00
26.8%
9x32288
26.5%
9x33297
25.2%
Factor Number % Correct
9x34306
24.5%
9x40360
22.2%
9x35315
21.5%
9x36324
20.2%
9x37333
18.9%
9x38342
17.9%
9x39351
17.5%
9x41369
16.6%
9x50450
14.9%
9x42378
14.6%
9x43387
14.2%
9x100900
13.9%
9x44396
13.6%
9x45405
13.6%
9x46414
11.6%
9x47423
9.9%
9x48432
9.3%
9x60540
8.9%
9x49441
7.9%
9x90810
7.6%
9x70630
7.3%
9x80720
7.3%
9x51459
6.6%
9x52468
6%
9x56504
6%
9x55495
5.3%
9x53477
5%
9x57513
5%
9x54486
4.6%
9x58522
4.6%
9x59531
4%
9x61549
4%
9x99891
4%
9x62558
3.6%
Factor Number % Correct
9x67603
3.3%
9x63567
2.6%
9x64576
2.3%
9x65585
2.3%
9x71639
2.3%
9x78702
2.3%
9x66594
2%
9x68612
2%
9x69621
2%
9x72648
1.7%
9x73657
1.7%
9x79711
1.7%
9x89801
1.7%
9x74666
1.3%
9x75675
1.3%
9x91819
1.3%
9x96864
1.3%
9x76684
1%
9x77693
1%
9x81729
1%
9x82738
1%
9x83747
1%
9x92828
1%
9x93837
1%
9x94846
1%
9x97873
1%
9x98882
1%
9x86774
0.7%
9x88792
0.7%
9x95855
0.7%
9x84756
0.3%
9x85765
0.3%
9x87783
0.3%

You're not logged in!

Compare scores with friends on all Sporcle quizzes.
Join for Free
OR
Log In

You Might Also Like...

Show Comments

Extras

Top Quizzes Today


Score Distribution

Your Account Isn't Verified!

In order to create a playlist on Sporcle, you need to verify the email address you used during registration. Go to your Sporcle Settings to finish the process.

Report this User

Report this user for behavior that violates our Community Guidelines.

Details: